|
|
|
|
| LEADER |
00000naa2a2200000 4500 |
| 001 |
635772 |
| 005 |
20231101133858.0 |
| 035 |
|
|
|a (RuTPU)RU\TPU\conf\37629
|
| 035 |
|
|
|a RU\TPU\conf\37628
|
| 090 |
|
|
|a 635772
|
| 100 |
|
|
|a 20230613d2022 k y0rusy50 ca
|
| 101 |
0 |
|
|a rus
|
| 102 |
|
|
|a RU
|
| 105 |
|
|
|a y z 101zy
|
| 135 |
|
|
|a drgn ---uucaa
|
| 181 |
|
0 |
|a i
|
| 182 |
|
0 |
|a b
|
| 200 |
1 |
|
|a Интегрированный подход в обучении иностранного языка студентов технического вуза
|f М. П. Домарацкая
|g науч. рук. Л. А. Гончарова
|
| 203 |
|
|
|a Текст
|c электронный
|
| 225 |
1 |
|
|a Новации нового инженерного образования
|
| 230 |
|
|
|a 1 компьютерный файл (pdf; 70 Kb)
|
| 300 |
|
|
|a Заглавие с экрана
|
| 320 |
|
|
|a [Библиогр.: с. 615 (3 назв.)]
|
| 463 |
|
0 |
|0 (RuTPU)RU\TPU\conf\37517
|t Бутаковские чтения
|o материалы II Всероссийской с международным участием молодежной конференции, 13-15 декабря 2022 г., Томск
|f Национальный исследовательский Томский политехнический университет ; ред. кол. А. С. Заворин, А. С. Матвеев, С. Г. Обухов [и др.]
|v [С. 613-615]
|d 2022
|
| 610 |
1 |
|
|a электронный ресурс
|
| 610 |
1 |
|
|a труды учёных ТПУ
|
| 610 |
1 |
|
|a интегрированный подход
|
| 610 |
1 |
|
|a иностранные языки
|
| 610 |
1 |
|
|a студенты
|
| 610 |
1 |
|
|a технические вузы
|
| 610 |
1 |
|
|a обучение
|
| 610 |
1 |
|
|a профессиональные компетенции
|
| 700 |
|
1 |
|a Домарацкая
|b М. П.
|
| 702 |
|
1 |
|a Гончарова
|b Л. А.
|c лингвист
|c доцент Томского политехнического университета, кандидат педагогических наук
|f 1982-
|g Любовь Анатольевна
|2 stltpush
|4 727
|
| 712 |
0 |
2 |
|a Национальный исследовательский Томский политехнический университет
|b Школа базовой инженерной подготовки
|b Отделение иностранных языков
|h 8029
|2 stltpush
|3 (RuTPU)RU\TPU\col\23510
|
| 801 |
|
2 |
|a RU
|b 63413507
|c 20230615
|g RCR
|
| 856 |
4 |
|
|u http://earchive.tpu.ru/handle/11683/75968
|
| 942 |
|
|
|c BK
|